000 00341nam a22001217a 4500
008 230627b xxu||||| |||| 00| 0 eng d
082 _a338.5
_bIMF 2005
245 _aWorld Economic Outlook September 2005
_bBuilding Institutions
260 _bInternational Monetary Fund
_c2005
300 _aXIII,289p
440 _x02587440
942 _2ddc
_cBK
999 _c2812
_d2812